000 01085cam a22003734a 4500
001 UByD003346
003 AR-LpoUNG
005 20241119111632.0
007 ta
008 130410s2010 ag ceo gr l000 0 spa
015 _aAR-2010
020 _a9789872642501
040 _aAR-BaBN
_bspa
_cAR-BaBN
_eaacr
_dAR-LpoUNG
041 0 _aspa
043 _as-ag---
044 _aag
_car-b
080 1 _a94(821.2)
_22016
082 0 _a982.12 127mor
100 1 _aSaez, Graciela
245 0 0 _aMorón, de los orígenes al bicentenario
250 _a1ra. ed.
260 _aMorón (Buenos Aires) :
_bMunicipio de Morón,
_c2010.
300 _a531 p. :
_bfot. byn, planos, retrs.
504 _aBibliografía: p. 521-530.
530 _aDisponible también en formato digital.
650 4 _aHISTORIA BONAERENSE
650 4 _aGOBIERNO LOCAL
650 4 _aHISTORIA ARGENTINA
650 4 _aHISTORIA ECONOMICA
651 4 _aMORON (BUENOS AIRES. PROVINCIA)
700 1 _aBirocco, Carlos María
710 2 _aInstituto Histórico y Archivo Municipal (Morón)
942 _2ddc
_cLIB
999 _c65229
_d65229